Lojalita a spokojnosť zákazníka

Dôležitosť lojality zákazníka. Prístupy k deleniu lojálnych zákazníkov. Faktory ovplyvňujúce lojalitu zákazníka. Budovanie lojality zákazníka. Problematika spokojnosti zákazníka. Index spokojnosti zákazníka. Od spokojnosti a lojality ku skutočnej hodnote zákazníka.

Gespeichert in:
Bibliographische Detailangaben
1. Verfasser: Klepáková, Adela
Format: Buchkapitel
Sprache:Slowakisch
Schlagworte:
Tags: Tag hinzufügen
Keine Tags, Fügen Sie das erste Tag hinzu!

MARC

LEADER 00000naa$a2200000$$$4500
001 0112499
005 20240502072241.0
041 0 |a slo 
044 |a SK 
245 1 0 |a Lojalita a spokojnosť zákazníka  |c Adela Klepáková 
520 |a Dôležitosť lojality zákazníka. Prístupy k deleniu lojálnych zákazníkov. Faktory ovplyvňujúce lojalitu zákazníka. Budovanie lojality zákazníka. Problematika spokojnosti zákazníka. Index spokojnosti zákazníka. Od spokojnosti a lojality ku skutočnej hodnote zákazníka. 
610 2 0 |a zákazníci 
610 2 0 |a lojálnosť zákazníkov 
610 2 0 |a výrobky 
610 2 0 |a služby 
610 2 0 |a nákup 
610 2 0 |a firmy 
610 2 0 |a konkurencia 
610 2 0 |a kvalita 
610 2 0 |a indexy 
100 1 |a Klepáková, Adela